Central Library OPAC University of Rajshahi

Jurisprudence : (Record no. 59658)

MARC details
000 -LEADER
fixed length control field 02454nam a2200397 a 4500
001 - CONTROL NUMBER
control field 59658
003 - CONTROL NUMBER IDENTIFIER
rucl marc code BD-RjUL
005 - DATE AND TIME OF LATEST TRANSACTION
control field 20211209080745.0
008 - FIXED-LENGTH DATA ELEMENTS--GENERAL INFORMATION
fixed length control field 161226s2007 enk 001 0 eng
020 ## - INTERNATIONAL STANDARD BOOK NUMBER
International Standard Book Number 9781845680701 (hardback : alk. paper)
International Standard Book Number 1845680707 (hbk.)
International Standard Book Number 9781859418154 (pbk. : alk. paper)
International Standard Book Number 1859418155 (pbk.)
035 ## - SYSTEM CONTROL NUMBER
System control number (BD-RjUL)59782
System control number (UkLCURL)982007005432
040 ## - CATALOGING SOURCE
Original cataloging agency DLC
Transcribing agency DLC
Modifying agency DLC
Language of cataloging eng
041 ## - LANGUAGE CODE
Language code of text/sound track or separate title eng
082 00 - DEWEY DECIMAL CLASSIFICATION NUMBER
Classification number 340.1
Edition number 23
Author mark and year VEJ 2007
100 ## - MAIN ENTRY--PERSONAL NAME
Personal name Veitch, Scott
9 (RLIN) 177515
245 10 - TITLE STATEMENT
Title Jurisprudence :
Remainder of title themes and concepts /
Statement of responsibility, etc. Scott Veitch, Emilios Christodoulidis and Lindsay Farmer ; with contribs. from: Gavin Anderson ... [et al.].
260 ## - PUBLICATION, DISTRIBUTION, ETC. (IMPRINT)
Place of publication, distribution, etc. London :
Name of publisher, distributor, etc. Routledge-Cavendish,
Date of publication, distribution, etc. 2007.
300 ## - PHYSICAL DESCRIPTION
Pagination xviii, 278 p. ;
Size 24 cm.
500 ## - GENERAL NOTE
General note Includes bibliographical references (p. [263]-272) and index.
General note Includes tutorials at end of each part.
505 0# - FORMATTED CONTENTS NOTE
Formatted contents note Introduction to the relationship between law and politics -- Sovereignty -- The rule of law -- The "inner morality of law" -- Rights -- Legalism and legality -- Citizenship : competing conceptions -- Law, politics, and globalisation -- Problems of the rule of law in political transitions -- The rule of law and the state of emergency -- Introduction to legal reasoning -- Legal formalism, legal realism, and the open texture of law -- Theories of legal reasoning -- Justice, natural law, and the limits of rule following -- Equality, difference, and domination : feminist critiques of adjudication -- Trials, facts, and narratives -- Understanding discrimination -- Judging in an unjust society -- Law in modern society and legal modernity -- Formal legal rationality and legal modernity -- Dilemmas of modern law -- After modernity? Law and globalisation -- Legal pluralism -- Juridification -- Law, ideology and legitimation : the Marxist critique -- Displacing the juridical : Foucault on power and discipline -- Law in the risk society.
650 #0 - SUBJECT ADDED ENTRY--TOPICAL TERM
Topical term or geographic name as entry element Jurisprudence.
9 (RLIN) 173978
Topical term or geographic name as entry element Law
General subdivision Philosophy.
9 (RLIN) 173977
Topical term or geographic name as entry element Law
General subdivision Political aspects.
9 (RLIN) 177516
Topical term or geographic name as entry element Rule of law.
9 (RLIN) 177517
700 1# - ADDED ENTRY--PERSONAL NAME
Personal name Christodoulidis, Emilios A.
Personal name Farmer, Lindsay,
Dates associated with a name 1963-
Personal name Anderson, Gavin.
856 41 - ELECTRONIC LOCATION AND ACCESS
Materials specified Table of contents only
Uniform Resource Identifier <a href="http://www.loc.gov/catdir/toc/ecip0710/2007005432.html">http://www.loc.gov/catdir/toc/ecip0710/2007005432.html</a>
942 ## - ADDED ENTRY ELEMENTS (KOHA)
Source of classification or shelving scheme Dewey Decimal Classification
Koha item type Books
Holdings
Lost status Source of classification or shelving scheme Damaged status Not for loan Collection code Permanent Location Current Location Shelving location Date acquired Source of acquisition Cost, normal purchase price Total Checkouts Full call number Date last seen Copy number Koha item type
  Dewey Decimal Classification   Not For Loan Non-fiction Central Library, University of Rajshahi Central Library, University of Rajshahi Reading Room 28/11/2010 Paragogn Enterprise, Dhaka 25.99   340.1 VEJ 2007 26/12/2016 C-1 Books